| 000 | 01116cam a22002651ia4500 | ||
|---|---|---|---|
| 003 | SA-RiAUC | ||
| 005 | 20241216070908.0 | ||
| 008 | 241216s1988 le g 00000cara c | ||
| 040 |
_aSA-RiAUC _bara _cSA-RiAUC _erda |
||
| 082 | 0 | 4 |
_a239.9 _qSA-RiAUC |
| 090 |
_a239.9 _bم ح ب |
||
| 100 | 1 |
_aمحب الدين الطبري، أحمد بن عبد الله بن محمد، _d615-694 هجري _eمؤلف. |
|
| 245 | 1 | 2 |
_aالرياض النضرة في مناقب العشرة المبشرين بالجنة / _cتأليف أبي جعفر أحمد الطبري. |
| 250 | _aالطبعة الأولى. | ||
| 264 | 1 |
_aبيروت : _bدار الندوة الجديدة للنشر، _c1988 |
|
| 300 |
_a4 مجلد في 2 ؛ _c24 سم |
||
| 336 |
_aنص _btxt _2rdacontent _3كتاب |
||
| 337 |
_aبدون وسيط _bn _2rdamedia |
||
| 338 |
_aمجلد _bnc _2rdacarrier |
||
| 650 | 7 |
_aالصحابة والتابعون _vتراجم _2aucsh |
|
| 650 | 7 |
_aالخلفاء الراشدون _vتراجم _2aucsh |
|
| 650 | 7 |
_aالسيرة النبوية _2aucsh |
|
| 942 |
_2ddc _cBOOK |
||
| 949 |
_aSA-JeALM _d241216 _ukhaled123 _n1 |
||
| 999 |
_c3549 _d3549 |
||